Statistics for Countries With The Most South African Diaspora

Click here to take the quiz!

General Stats

  • This quiz has been taken 45 times
  • The average score is 10 of 15

Answer Stats

Diaspora PopulationCountry% Correct
203,477United Kingdom
100%
82,054United States
100%
178,700Australia
98%
43,406Canada
95%
54,279New Zealand
93%
14,930Germany
91%
21,209Namibia
91%
20,859Netherlands
91%
11,526Eswatini
56%
11,290Israel
53%
6,953Switzerland
51%
11,477Portugal
49%
7,150Greece
37%
8,232Malawi
21%
5,000Qatar
16%

Score Distribution

Percentile by Number Answered

Percent of People with Each Score

Your Score History

You have not taken this quiz